[Event "Valles Occidental-ch U18/U20 prel"]
[Site "various"]
[Date "2015.02.07"]
[Round "2.1"]
[White "Melero Escude, Oriol"]
[Black "Pozanco Romasanta, Marc"]
[Result "0-1"]
[WhiteElo "1845"]
[BlackElo "2166"]
[PlyCount "50"]
[EventDate "2015.01.31"]
[EventType "swiss"]
[EventRounds "6"]
[EventCountry "ESP"]
[SourceTitle "EXT 2024"]
[Source "ChessBase"]
[SourceDate "2023.10.10"]
[SourceVersion "1"]
[SourceVersionDate "2023.10.10"]
[SourceQuality "1"]

1. c4 e6 2. Nc3 d5 3. cxd5 exd5 4. d3 Nf6 5. Nf3 Be7 6. g3 0-0 7. Bg2 Re8 8. 0-0 c6 9. Bd2 d4 10. Ne4 Nxe4 11. dxe4 Bf6 12. Bf4 Rxe4 13. Qc2 Bf5 14. Nh4 Rxf4 15. Nxf5 d3 16. Qc5 b6 17. Qe3 Rxf5 18. Rad1 Re5 19. Rxd3 Rxe3 20. Rxd8+ Bxd8 21. fxe3 Bg5 22. e4 Be3+ 23. Kh1 Nd7 24. Rd1 Ne5 25. Bh3 Kf8 0-1

[Event "Valles Occident-ch U16"]
[Site "Barcelona"]
[Date "2014.03.08"]
[Round "5.1"]
[White "Melero Escude, Oriol"]
[Black "Jimenez Ruano, Adrian"]
[Result "0-1"]
[WhiteElo "1708"]
[BlackElo "2065"]
[PlyCount "60"]
[EventDate "2014.02.08"]
[EventType "swiss"]
[EventRounds "5"]
[EventCountry "ESP"]
[SourceTitle "EXT 2024"]
[Source "ChessBase"]
[SourceDate "2023.10.10"]
[SourceVersion "1"]
[SourceVersionDate "2023.10.10"]
[SourceQuality "1"]

1. d4 d5 2. c4 c6 3. Nc3 e6 4. Nf3 Nf6 5. Bg5 Nbd7 6. Ne5 Bb4 7. a3 Bxc3+ 8. bxc3 Qa5 9. Qc2 Ne4 10. Bd2 Nb6 11. c5 f6 12. Nxc6 bxc6 13. cxb6 Qxb6 14. f3 Nxd2 15. Qxd2 Rb8 16. e3 Qa5 17. Bd3 Rb3 18. Rc1 Qxa3 19. 0-0 Rb2 20. Rc2 Rxc2 21. Qxc2 f5 22. e4 g6 23. e5 0-0 24. g4 Ba6 25. Rb1 Bxd3 26. Qxd3 fxg4 27. fxg4 Qe7 28. Ra1 Qh4 29. h3 Qf2+ 30. Kh1 Rf3 0-1

[Event "Valles Occident-ch U16"]
[Site "Barcelona"]
[Date "2014.02.22"]
[Round "3.2"]
[White "Melero Escude, Oriol"]
[Black "Garcia Acosta, Carla"]
[Result "0-1"]
[WhiteElo "1708"]
[BlackElo "1820"]
[PlyCount "56"]
[EventDate "2014.02.08"]
[EventType "swiss"]
[EventRounds "5"]
[EventCountry "ESP"]
[SourceTitle "EXT 2024"]
[Source "ChessBase"]
[SourceDate "2023.10.10"]
[SourceVersion "1"]
[SourceVersionDate "2023.10.10"]
[SourceQuality "1"]

1. c4 e5 2. Nc3 Nc6 3. g3 Nf6 4. Bg2 Bc5 5. d3 h6 6. Nf3 0-0 7. 0-0 d6 8. Qc2 Be6 9. a3 a5 10. Bd2 Qd7 11. Nb5 Ne7 12. Rfb1 c6 13. Nc3 Rfc8 14. Nd1 b5 15. b4 axb4 16. axb4 Rxa1 17. Rxa1 Bd4 18. Ra3 bxc4 19. dxc4 Bb6 20. c5 dxc5 21. bxc5 Bc7 22. Ra7 Rd8 23. Ne3 e4 24. Ne5 Qxd2 25. Qxd2 Rxd2 26. Rxc7 Ned5 27. Nxd5 Nxd5 28. Rxc6 Rd1+ 0-1

[Event "Valles Occident-ch U16"]
[Site "Barcelona"]
[Date "2014.02.15"]
[Round "2.3"]
[White "Alves Garcia, Eric"]
[Black "Melero Escude, Oriol"]
[Result "0-1"]
[WhiteElo "1802"]
[BlackElo "1708"]
[PlyCount "160"]
[EventDate "2014.02.08"]
[EventType "swiss"]
[EventRounds "5"]
[EventCountry "ESP"]
[SourceTitle "EXT 2024"]
[Source "ChessBase"]
[SourceDate "2023.10.10"]
[SourceVersion "1"]
[SourceVersionDate "2023.10.10"]
[SourceQuality "1"]

1. e4 g6 2. d4 d6 3. Nc3 Bg7 4. Be3 Nf6 5. f4 Nc6 6. Nf3 0-0 7. h3 e5 8. fxe5 dxe5 9. d5 Ne7 10. Qd2 Ne8 11. 0-0-0 Nd6 12. g4 a6 13. Bh6 f6 14. Bxg7 Kxg7 15. Bd3 g5 16. Rdg1 Ng6 17. h4 h6 18. hxg5 hxg5 19. Qg2 Rh8 20. Rxh8 Qxh8 21. Rh1 Qg8 22. Ne2 Bd7 23. Rh5 Qf7 24. Qh3 Rh8 25. Rxh8 Nxh8 26. Ng3 Ng6 27. Nh5+ Kf8 28. Nh2 Nf4 29. Nxf4 gxf4 30. Qh8+ Ke7 31. g5 Qg6 32. gxf6+ Qxf6 33. Qh7+ Qf7 34. Qh4+ Qf6 35. Qh7+ Nf7 36. Bc4 Kd6 37. b4 Ng5 38. Qh5 Nxe4 39. Qf3 Qg6 40. Nf1 Ng3 41. Qa3 c6 42. b5+ Kc7 43. bxc6 bxc6 44. Qxa6 Kd8 45. Qb6+ Ke7 46. dxc6 Qxc6 47. Qb4+ Qd6 48. Qxd6+ Kxd6 49. Nh2 Bc6 50. Kd2 e4 51. Ke1 f3 52. Kf2 Nf5 53. Nf1 Ke5 54. Ne3 Kf4 55. Nxf5 Kxf5 56. Ke3 Kg4 57. Bf1 Kg3 58. c4 f2 59. a4 Ba8 60. Ke2 Bb7 61. Ke3 Ba6 62. Kxe4 Bb7+ 63. Kd4 Bg2 64. Bd3 Kh2 65. Ke3 Kg1 66. c5 Bf1 67. Bf5 Bb5 68. Bh3 Bxa4 69. Ke2 Bb5+ 70. Ke3 Bd7 71. Bxd7 f1Q 72. c6 Qf2+ 73. Kd3 Qf4 74. Ke2 Qg3 75. Kd2 Kf2 76. Kd1 Ke3 77. Kc2 Kd4 78. Be8 Qf2+ 79. Kc1 Qe1+ 80. Kc2 Qxe8 0-1

[Event "Catalunya Valles West-ch U16"]
[Site "Catalunya"]
[Date "2013.01.26"]
[Round "1.5"]
[White "Villodres Moreno, Daniel"]
[Black "Melero Escude, Oriol"]
[Result "1-0"]
[WhiteElo "2046"]
[BlackElo "1700"]
[PlyCount "51"]
[EventDate "2013.01.26"]
[EventType "swiss"]
[EventRounds "5"]
[EventCountry "ESP"]
[SourceTitle "EXT 2024"]
[Source "ChessBase"]
[SourceDate "2023.10.10"]
[SourceVersion "1"]
[SourceVersionDate "2023.10.10"]
[SourceQuality "1"]

1. e4 e5 2. Nf3 Nc6 3. Bb5 a6 4. Ba4 Nf6 5. 0-0 b5 6. Bb3 Nxe4 7. d4 f6 8. dxe5 fxe5 9. Nxe5 Nxe5 10. Qd5 Bb7 11. Qxe5+ Qe7 12. Qf4 Nd6 13. Bd2 0-0-0 14. a4 bxa4 15. Qxa4 g6 16. Nc3 Bg7 17. Nd5 Qe2 18. Bf4 Qb5 19. Bxd6 Qxa4 20. Rxa4 cxd6 21. Bc4 Kb8 22. Nb4 Bxb2 23. Nxa6+ Kc8 24. Rb1 Be5 25. Bd5 Bxa6 26. Rxa6 1-0